01031cam a2200229 a 4500001000700000003000600007005001700013008004100030010001700071035002300088040002300111050001600134082001300150100004300163245007900206260005000285300003300335490004200368504005300410505031800463650002000781119263GBCCL20241126110342.0710402s1970 miuab b 001 0 eng  a 73120050  a(OCoLC)ocm00130524 aDLCcDLCdOCLdLBB0 aBR145b.L330 a270bLAT1 aLatourette, Kenneth Scott,d1884-1968.12aA history of the expansion of Christianity /cby Kenneth Scott Latourette. aGrand Rapids :bZondervan Pub. House,cc1970. a7 v. :bill., maps ;c22 cm.0 aContemporary evangelical perspectives aIncludes bibliographical references and indexes.0 aV. 1. The first five centuries -- V. 2. The thousand years of uncertainty -- V. 3. Three centuries of advances -- V. 4. The great century: Europe and the United States.--V. 5. The great century: the Americas, Australasia and Africa -- V. 6. The great century: North Africa and Asia -- V. 7. Advance through storm. 0aChurch history.